00813nam a22002177a 450000500170000001000150001702000260003203500140005803700090007208200180008124500890009925000060018826000410019427000670023530000200030270000270032270000330034994200290038299900190041195201650043020250711124342.0 aENG-145936 a9789391772031c160.00 aEN-129468 bDBAD a357.09172421 aHolistic Business Environment in Corona Phase/cEdited By Guru P [and] Sathyapriya J a1 aChennaibForschung Publicationsc202 aMogappairbChennaik9626166683mforchungpublications@gmail.com a104p.c24cm(pb) aGuru P eEditor982927 aSathyapriya JeEditor982933 2ddccENh357.091724mHOL c212342d212342 001040708NFICaRC3ANbRC3ANd2025-07-11eDelivery of Books Act Divisiong160.00l0o357.091724 HOLpEN-129468r2025-07-11 00:00:00t1v160.00w2025-07-11yEN